Estrategias de enseñanza-aprendizaje / Juan Díaz Bordenave (Registro nro. 3306)
[ vista simple ]
| 000 -LEADER | |
|---|---|
| fixed length control field | 00629nam a22002171a 4500 |
| 001 - CONTROL NUMBER | |
| control field | 3306 |
| 003 - CONTROL NUMBER IDENTIFIER | |
| control field | OSt |
| 005 - DATE AND TIME OF LATEST TRANSACTION | |
| control field | 20260204211845.0 |
| 008 - FIXED-LENGTH DATA ELEMENTS--GENERAL INFORMATION | |
| fixed length control field | 040805s1997||||cr ||||||b||||||||||spa|| |
| 020 ## - NUMERO DE LIBRO INTERNACIONAL NORMALIZADO | |
| International Standard Book Number | 929039319x |
| 050 ## - LIBRARY OF CONGRESS CALL NUMBER | |
| Classification number | 378 D543e |
| 082 ## - DEWEY DECIMAL CLASSIFICATION NUMBER | |
| Classification number | 378 D543e |
| 100 ## - ASIENTO PRINCIPAL -- NOMBRE PERSONAL | |
| Personal name | Díaz Bordenave, Juan |
| 245 ## - TÍTULO PROPIAMENTE DICHO: SUBTÍTULO | |
| Title | Estrategias de enseñanza-aprendizaje / Juan Díaz Bordenave |
| 264 ## - PRODUCTION, PUBLICATION, DISTRIBUTION, MANUFACTURE, AND COPYRIGHT NOTICE | |
| Place of production, publication, distribution, manufacture | Costa Rica: Instituto de Cooperación para la Agricultura |
| 300 ## - PHYSICAL DESCRIPTION | |
| Extensión | 374 p |
| 490 ## - MENCIÓN DE SERIE | |
| Series statement | Colección libros y materiales educativo IICA No. 50 |
| 650 ## - ASIENTO SECUNDARIO DE MATERIA -- TERMINO TEMÁTICO | |
| Termino Temático Como Elemento de Entrada | 1.Educación Superior |
| 700 ## - ASIENTO SECUNDARIO -- NOMBRE PERSONAL | |
| Personal name | Pereira Adair MartinsÌ |
| 942 ## - ADDED ENTRY ELEMENTS (KOHA) | |
| Source of classification or shelving scheme | Dewey Decimal Classification |
| Koha item type | Libros |
| Withdrawn status | Lost status | Source of classification or shelving scheme | Damaged status | Not for loan | Current library | Date acquired | Total Checkouts | Full call number | Barcode | Date last seen | Price effective from | Koha item type |
|---|---|---|---|---|---|---|---|---|---|---|---|---|
| Dewey Decimal Classification | Biblioteca UTECO | 09/09/2019 | 378 D543E | 007463 | 09/09/2019 | 09/09/2019 | Libros |
